LEADER 02763nam 2200457 450 001 9910151721003321 005 20141118081855.0 010 $a1-61122-943-X 035 $a(CKB)3710000000952356 035 $a(MiAaPQ)EBC4759744 035 $a(EXLCZ)993710000000952356 100 $a20100412h20102010 uy| 0 101 0 $aeng 135 $aurcnu|||||||| 181 $2rdacontent 182 $2rdamedia 183 $2rdacarrier 200 00$aBladder cancer $eetymology, diagnosis, and treatments /$fWilliam E. Nilsson, editor 210 1$aHauppauge, New York :$cNova Science Publishers,$d[2010] 210 4$d©2010 215 $a1 online resource (271 pages) $cillustrations (some color) 225 1 $aCancer etiology, diagnosis and treatments 311 $a1-61728-002-X 320 $aIncludes bibliographical references and index. 327 $aRecurrence, progression, adjuvant treatment and follow-up in non-muscle invasive bladder cancer / Bogdan Geavlete, Antoine G. van der Heijden, J. Alfred Witjes -- Conservative management of non-muscle invasive bladder cancer after bacillus calmette-gue?rin failure / Andrew J. Lightfoot, Henry M. Rosevear, Michael A. O'Donnell -- Recent advances in intravesical therapy for non-muscle invasive bladder cancer / A.H.Mostafid -- Genetic and molecular mechanisms in bladder cancer development / S. Gunes, R. Buyukalpelli, Z. Yegin -- Investigation of molecular proteins for urothelial carcinoma in the urinary bladder / Kazumasa Matsumoto ... [et al.] -- Robot-assisted laparoscopic radical cystectomy for bladder cancer / Ja Hyeon Ku, Hyeon Hoe Kim -- Therapeutic effect of immediate intravesical instillation of mitomycin C after transurethral resection in patients with low risk non-muscle-invasive bladder tumours / Jesus Fernandez-Gomez, Antonio Jalon-Monzon -- Detection and genotyping by microarray of human papillomavirus in tissue of bladder and bladder carcinoma biopsy / Antonio Sorlo?zano, Ana Isabel Moraga ... [et al.] -- Digital image analysis in research and diagnosis of urinary bladder cancer / A. Dulewicz, D. Pietka, P. Jaszczak -- Pleiotropic effects of a micronutrient mixture on critical parameters of bladder cancer / M.W. Roomi ... [et al.]. 410 0$aCancer etiology, diagnosis, and treatments. 606 $aBladder$xCancer 606 $aBladder$xCancer$xDiagnosis 606 $aBladder$xCancer$xTreatment 615 0$aBladder$xCancer. 615 0$aBladder$xCancer$xDiagnosis. 615 0$aBladder$xCancer$xTreatment. 676 $a616.99/462 702 $aNilsson$b William E. 801 0$bMiAaPQ 801 1$bMiAaPQ 801 2$bMiAaPQ 906 $aBOOK 912 $a9910151721003321 996 $aBladder Cancer$92275341 997 $aUNINA LEADER 01891oam 2200481M 450 001 9910716455603321 005 20200213071025.8 035 $a(CKB)5470000002521589 035 $a(OCoLC)1065742288 035 $a(OCoLC)995470000002521589 035 $a(EXLCZ)995470000002521589 100 $a20071213d1927 ua 0 101 0 $aeng 135 $aurcn||||||||| 181 $ctxt$2rdacontent 182 $cc$2rdamedia 183 $acr$2rdacarrier 200 10$aTo ratify and amend an agreement with the Indians residing on the Shoshone or Wind River Indian Reservation, Wyo. February 19, 1927. -- Referred to the House Calendar and ordered to be printed 210 1$a[Washington, D.C.] :$c[U.S. Government Printing Office],$d1927. 215 $a1 online resource (3 pages) 225 1 $aHouse report / 69th Congress, 2nd session. House ;$vno. 2163 225 1 $a[United States congressional serial set] ;$v[serial no. 8689] 300 $aBatch processed record: Metadata reviewed, not verified. Some fields updated by batch processes. 300 $aFDLP item number not assigned. 606 $aIndian land transfers 606 $aIndian reservations 606 $aLegislative amendments 606 $aMining claims 608 $aLegislative materials.$2lcgft 615 0$aIndian land transfers. 615 0$aIndian reservations. 615 0$aLegislative amendments. 615 0$aMining claims. 701 $aWilliamson$b William$f1875-1972$pRepublican (SD)$01386808 801 0$bWYU 801 1$bWYU 801 2$bOCLCO 801 2$bOCLCQ 801 2$bOCLCO 906 $aBOOK 912 $a9910716455603321 996 $aTo ratify and amend an agreement with the Indians residing on the Shoshone or Wind River Indian Reservation, Wyo. February 19, 1927. -- Referred to the House Calendar and ordered to be printed$93442800 997 $aUNINA LEADER 02023nam 2200469z- 450 001 9910557413503321 005 20211118 035 $a(CKB)5400000000043560 035 $a(oapen)https://directory.doabooks.org/handle/20.500.12854/74279 035 $a(oapen)doab74279 035 $a(EXLCZ)995400000000043560 100 $a20202111d2020 |y 0 101 0 $aeng 135 $aurmn|---annan 181 $ctxt$2rdacontent 182 $cc$2rdamedia 183 $acr$2rdacarrier 200 00$aWild Plants as Source of New Crops 210 $cFrontiers Media SA$d2020 215 $a1 online resource (135 p.) 311 08$a2-88966-143-1 330 $aThis eBook is a collection of articles from a Frontiers Research Topic. Frontiers Research Topics are very popular trademarks of the Frontiers Journals Series: they are collections of at least ten articles, all centered on a particular subject. With their unique mix of varied contributions from Original Research to Review Articles, Frontiers Research Topics unify the most influential researchers, the latest key findings and historical advances in a hot research area! Find out more on how to host your own Frontiers Research Topic or contribute to one as an author by contacting the Frontiers Editorial Office: frontiersin.org/about/contact 606 $aBotany & plant sciences$2bicssc 606 $aScience: general issues$2bicssc 610 $abreeding 610 $acrop wild relatives 610 $adomestication 610 $aethnobotany 610 $agenetic diversity 610 $aneo-domestication 615 7$aBotany & plant sciences 615 7$aScience: general issues 700 $aSmękal$b Petr$4edt$01287845 702 $aVon Wettberg$b Eric$4edt 702 $aDavis$b Thomas M$4edt 702 $aSmękal$b Petr$4oth 702 $aVon Wettberg$b Eric$4oth 702 $aDavis$b Thomas M$4oth 906 $aBOOK 912 $a9910557413503321 996 $aWild Plants as Source of New Crops$93020476 997 $aUNINA